000 04030namaa22004211i 4500
003 OSt
005 20260429114155.0
008 250827s2025 ua a|||frm||| 000 0 eng d
040 _aEG-GICUC
_bara
_cEG-GICUC
_dEG-GICUC
_erda
041 0 _aara
_bara
_beng
049 _aإيداع
082 0 4 _a658.5
092 _a658.5
_221
097 _aدكتوراه‎
099 _aCai01.18.06.Ph.D.2025.أي.د
100 0 _a،أيمن بن محمد بن حبكور محرق
_eإعداد.
245 1 0 _aدور سلاسل الإمداد في تحقيق التنمية المستدامة للطاقة العالمية /
_cإعداد أيمن بن محمد بن حبكور محرق؛ إشراف أ.د.علي وجدى محمد، د. هيثم خليل محمد.
246 1 5 _aThe role of supply chains in achieving sustainable development of global energy /
264 0 _c2025.
300 _a93 ورقة :
_bإيضاحيات ؛
_c30 سم. +
_eCD.
336 _atext
_2rda content
337 _aUnmediated
_2rdamedia
338 _avolume
_2rdacarrier
502 _aأطروحة (دكتوراه)-جامعة القاهرة، 2025.
504 _aببليوجرافيا: صفحات 86-89.
520 _aتمثل كفاءة سلاسل الأمداد عاملاً حاسماً فى تحقيق التنمية المستدامة للطاقة في الشركات على اختلاف أحجامها وأنشطتها وأهدافها وطبيعة عملها، وتهدف هذه الدراسة الحالية إلى الكشف عن دور سلاسل الإمداد في تحقيق التنمية المستدامة للطاقة العالمية من خلال شركة أرامكو بالمملكة العربية السعودية المصدر الأول للطاقة العالمية، ويتكون مجتمع الدراسة من منسوبي شركة أرامكو السعودية والشركات التابعة لها حيث تم تحديد حجم العينة (236) طبقاً لقانون حجم العينة عينة عشوائية، وقد قام الباحث بإختبار فرضية الدراسة الرئيسية والتي ينبثق عنها أربعة فرضيات فرعية بإستخدام تحليل الإنحدار والإرتباط فى برنامج SPSS وأعتمدت الدراسة على الأسلوب الوصفي التحليلي لتحقيق أهداف الدراسة
520 _aSupply chain efficiency is a crucial factor in achieving sustainable energy development in companies of all sizes, activities, objectives, and nature of work. This current study aims to explore the role of supply chains in achieving sustainable global energy development through Saudi Aramco, the world's leading energy exporter. The study population consists of employees of Saudi Aramco and its subsidiaries. The sample size was determined as (236) randomly, according to the sample size law. The researcher tested the main study hypothesis, from which four sub-hypotheses emerged, using regression and correlation analysis in SPSS. The study relied on the descriptive analytical method to achieve the study objectives. After analyzing the study data and hypotheses, the study reached several results, most notably
530 _aصدر أيضًا كقرص مدمج.
546 _aالنص بالعربية والملخص باللغة الإنجليزية والعربية.
650 7 _aإدارة الانتاج
_2qrmak
653 0 _aسلاسل الإمداد
_aالتنمية المستدامة
_aالطاقة المتجدده
700 0 _aعلي وجدى محمد
_eمشرف أطروحة.
700 0 _aهيثم خليل محمد
_eمشرف أطروحة.
900 _b03-05-2025
_cعلي وجدى محمد
_cهيثم خليل محمد
_Uجامعة القاهرة
_Fكلية الدراسات العليا للبحوث الاحصائية
_Dقسم إدارة سلسلة الإمداد وإدارة العمليات
905 _aSara
942 _2ddc
_cTH
_e21
_n0
999 _c179803